[Event "Tarbes Blavignac 2019"]
[Site "Parc des expositions Tarbes"]
[Date "2019.04.20"]
[Round "1.1"]
[White "Cordier, Quentin"]
[Black "Carassus, Jean-Louis"]
[Result "1-0"]
[WhiteElo "1350"]
[BlackElo "1690"]
[PlyCount "105"]
[EventDate "2019.??.??"]
[WhiteTeam "Echiquier Commingeois"]
[BlackTeam "Echiquier de Bigorre"]

1. c4 c5 2. g3 g6 3. Bg2 Bg7 4. Nc3 Nc6 5. Nf3 Nf6 6. O-O O-O 7. d3 Rb8 8. Bf4
d6 9. Qc1 Bd7 10. Bh6 Qc8 11. Bxg7 Kxg7 12. Rd1 Bh3 13. Bh1 a6 14. a4 e5 15. b3
Bg4 16. Qb2 Nd4 17. Nxd4 cxd4 18. Ne4 Nxe4 19. Bxe4 Bd7 20. Qa3 Qc7 21. Rac1
Bc6 22. Bg2 Bxg2 23. Kxg2 b6 24. b4 Rfc8 25. f3 Qe7 26. b5 a5 27. Rf1 Rc5 28.
e3 dxe3 29. Rfe1 Qg5 30. Re2 f5 31. Qc3 f4 32. d4 Rc7 33. c5 bxc5 34. dxe5 dxe5
35. Qxa5 Qe7 36. Rc4 g5 37. Qc3 h5 38. Rc2 Rbc8 39. Re4 Qf6 40. a5 Rd7 41. gxf4
gxf4 42. Kf1 Rd4 43. b6 Qc6 44. Ke2 Qb5+ 45. Ke1 Kf6 46. Rb2 Qa4 47. Rxd4 exd4
48. Qb3 Qxa5+ 49. Kd1 Rb8 50. b7 Qa6 51. Ke1 Ke5 52. Qc2 d3 53. Qxc5+ 1-0

[Event "Tarbes Blavignac 2019"]
[Site "Parc des expositions Tarbes"]
[Date "2019.04.20"]
[Round "1.2"]
[White "Viers, Alexandre"]
[Black "Lafon, Denis"]
[Result "1-0"]
[WhiteElo "1685"]
[BlackElo "1329"]
[PlyCount "77"]
[EventDate "2019.??.??"]
[WhiteTeam "LEC Echiquier Limousin"]
[BlackTeam "Aviron Bayonnais Echecs"]

1. e4 d5 2. exd5 Nf6 3. d4 Bg4 4. Be2 Bxe2 5. Nxe2 Qxd5 6. O-O Nc6 7. Nbc3 Qh5
8. Ng3 Qxd1 9. Rxd1 O-O-O 10. Nce2 e5 11. Be3 Ng4 12. c4 Nxe3 13. fxe3 exd4 14.
exd4 Bd6 15. Nf5 Rhe8 16. Nc3 Nxd4 17. Rxd4 Bc5 18. Rad1 Bxd4+ 19. Rxd4 g6 20.
Rxd8+ Rxd8 21. Ng3 c6 22. Nge2 Rd2 23. b3 b5 24. cxb5 cxb5 25. a3 a5 26. Nc1 b4
27. axb4 axb4 28. N3a2 Kd7 29. h3 Kd6 30. Kh2 Ke5 31. Kg3 h5 32. Kf3 f5 33. g3
g5 34. Ke3 Rg2 35. Ne2 g4 36. h4 Kd5 37. Nac1 Kc5 38. Nd3+ Kb5 39. Ndf4 1-0

[Event "Tarbes Blavignac 2019"]
[Site "Parc des expositions Tarbes"]
[Date "2019.04.20"]
[Round "1.3"]
[White "Leost, Joel"]
[Black "Carlucci, Jean"]
[Result "1/2-1/2"]
[WhiteElo "1322"]
[BlackElo "1667"]
[PlyCount "95"]
[EventDate "2019.??.??"]
[WhiteTeam "Club d'Echecs de Ganges"]
[BlackTeam "L Echiquier du Dragon, Cercle de jeux de stra"]

1. e4 e6 2. Nc3 Nc6 3. Bc4 Nf6 4. d3 Be7 5. Nf3 d5 6. exd5 exd5 7. Bb3 Bg4 8.
d4 O-O 9. Be3 Re8 10. O-O a6 11. a3 b5 12. Nb1 b4 13. Nbd2 bxa3 14. bxa3 Na5
15. Ba4 c6 16. Re1 Ne4 17. Qc1 Nc3 18. Bb3 Rc8 19. Kh1 c5 20. Ba2 cxd4 21. Bxd4
Nxa2 22. Rxa2 Bxf3 23. Nxf3 Nc4 24. c3 Qa5 25. a4 Bc5 26. Rae2 Rxe2 27. Rxe2
Bxd4 28. cxd4 Qxa4 29. h3 Qd7 30. Qf4 h6 31. Re1 Re8 32. Rxe8+ Qxe8 33. Kh2 a5
34. g4 a4 35. g5 hxg5 36. Nxg5 f6 37. Nf3 a3 38. Qc1 Qe2 39. Kg2 Qb2 40. Qe1
Kf8 41. Qe6 a2 42. Qc8+ Kf7 43. Qd7+ Kg6 44. Nh4+ Kh7 45. Qf5+ Kg8 46. Qe6+ Kh7
47. Qf5+ Kg8 48. Qe6+ 1/2-1/2

[Event "Tarbes Blavignac 2019"]
[Site "Parc des expositions Tarbes"]
[Date "2019.04.20"]
[Round "1.4"]
[White "Detanoy, Fabrice"]
[Black "Estadieu, Bruno"]
[Result "1-0"]
[WhiteElo "1659"]
[BlackElo "1317"]
[PlyCount "43"]
[EventDate "2019.??.??"]
[WhiteTeam "Echiquier Club Créonnais"]
[BlackTeam "Club d' Echecs de Plaisance du Touch"]

1. e4 b6 2. d4 Bb7 3. Bd3 e6 4. Nf3 Nf6 5. e5 Nd5 6. c3 g6 7. Bg5 Be7 8. Bh6 c5
9. O-O Nc6 10. Nbd2 Bf8 11. Bxf8 Rxf8 12. Ne4 Qc7 13. Nd6+ Ke7 14. Qd2 Rh8 15.
Qg5+ f6 16. Qh4 Rag8 17. Ng5 Nd8 18. c4 h6 19. Nge4 g5 20. exf6+ Kf8 21. Qh5
Nf4 22. Qe8# 1-0

[Event "Tarbes Blavignac 2019"]
[Site "Parc des expositions Tarbes"]
[Date "2019.04.20"]
[Round "1.5"]
[White "Donadille, Jean-Claude"]
[Black "Phalippou, Philippe"]
[Result "0-1"]
[WhiteElo "1298"]
[BlackElo "1654"]
[PlyCount "68"]
[EventDate "2019.??.??"]
[WhiteTeam "Echiquier Club Albigeois"]
[BlackTeam "Echiquier de Bigorre"]

1. e4 g6 2. d4 Bg7 3. Nf3 Nf6 4. Nc3 d6 5. Bc4 O-O 6. Bg5 Nxe4 7. Nxe4 d5 8.
Bxd5 Qxd5 9. Nc3 Qd6 10. O-O Bg4 11. Re1 e6 12. Ne4 Bxf3 13. Qxf3 Qb6 14. Bf6
Nd7 15. Bxg7 Kxg7 16. Qc3 Kg8 17. Ng5 Rad8 18. Qh3 Nf6 19. b3 Qxd4 20. c3 Qd2
21. Qf3 Qxg5 22. Qxb7 Qc5 23. Qf3 Kg7 24. c4 Rd2 25. Qf4 Rfd8 26. h3 R8d4 27.
Qe3 Qf5 28. f3 Qc2 29. Qg5 Rd1 30. Qe5 Rxa1 31. Rxa1 Rd2 32. Qg3 Qb2 33. Re1
Qxa2 34. f4 Qb2 0-1

[Event "Tarbes Blavignac 2019"]
[Site "Parc des expositions Tarbes"]
[Date "2019.04.20"]
[Round "1.6"]
[White "Ferrand, Jean-Claude"]
[Black "Bernabe, Laurent"]
[Result "1-0"]
[WhiteElo "1649"]
[BlackElo "1293"]
[PlyCount "79"]
[EventDate "2019.??.??"]
[WhiteTeam "Echiquier de Bigorre"]
[BlackTeam "Aviron Bayonnais Echecs"]

1. e4 e5 2. Nf3 Nc6 3. Bb5 a6 4. Ba4 Nf6 5. O-O Bc5 6. c3 d6 7. d4 exd4 8. cxd4
b5 9. dxc5 bxa4 10. cxd6 Qxd6 11. Qxd6 cxd6 12. Nc3 O-O 13. Bf4 Re8 14. Rfe1
Nb4 15. Rad1 Bb7 16. Bxd6 a5 17. a3 Na6 18. Nd2 Rad8 19. e5 Nh5 20. g3 f6 21.
f4 fxe5 22. Bxe5 Bc6 23. Nc4 Bf3 24. Rxd8 Rxd8 25. Kf2 Bc6 26. Nxa5 Ba8 27.
Nxa4 Rd2+ 28. Re2 Rd5 29. Nc4 Bc6 30. Nc3 Rc5 31. Nd6 Nf6 32. b4 Ng4+ 33. Ke1
Nxe5 34. bxc5 Nd3+ 35. Kd2 Naxc5 36. Re3 Nb2 37. Kc2 Nba4 38. Nxa4 Bxa4+ 39.
Kc3 Kf8 40. Kb4 1-0

[Event "Tarbes Blavignac 2019"]
[Site "Parc des expositions Tarbes"]
[Date "2019.04.20"]
[Round "1.7"]
[White "De Baralle, Michel"]
[Black "Benayoun, David"]
[Result "0-1"]
[WhiteElo "1289"]
[BlackElo "1641"]
[PlyCount "98"]
[EventDate "2019.??.??"]
[WhiteTeam "Echiquier Club Albigeois"]
[BlackTeam "C.E.I. Toulouse"]

1. d4 d5 2. Nf3 Nf6 3. c4 e6 4. Bg5 Be7 5. e3 O-O 6. Nc3 Nc6 7. Be2 h6 8. Bxf6
Bxf6 9. O-O b6 10. cxd5 exd5 11. Rc1 Bf5 12. Nb5 Qd7 13. Bd3 Bxd3 14. Qxd3 a6
15. Nc3 Ne7 16. b4 c6 17. Rc2 Rfc8 18. Rfc1 b5 19. a3 Qg4 20. Qe2 Qe6 21. Nd2
a5 22. Nb3 axb4 23. Nc5 Qf5 24. axb4 Ra3 25. Nb7 Rca8 26. Na5 Bg5 27. Nb1 Ra1
28. Nc3 Rxc1+ 29. Rxc1 Rc8 30. Nb7 Rc7 31. Nc5 Ra7 32. Qb2 Nc8 33. Nb3 Nd6 34.
Na5 Nc4 35. Nxc4 dxc4 36. Rd1 Be7 37. d5 Qc8 38. dxc6 Qxc6 39. Rd5 Bf6 40. Rd1
Rd7 41. Rc1 Rd3 42. h3 Qd6 43. g3 Rd2 44. Rc2 Rxc2 45. Qxc2 Qxb4 46. Ne4 c3 47.
Nxf6+ gxf6 48. Qf5 Kg7 49. Qc2 Qc4 0-1

[Event "Tarbes Blavignac 2019"]
[Site "Parc des expositions Tarbes"]
[Date "2019.04.20"]
[Round "1.8"]
[White "Clastre, Bernard"]
[Black "Moufannine, Anne"]
[Result "1-0"]
[WhiteElo "1627"]
[BlackElo "1283"]
[PlyCount "45"]
[EventDate "2019.??.??"]
[WhiteTeam "Club d'Echecs Pau Berlioz"]
[BlackTeam "Club d'Echecs Pau Berlioz"]

1. e4 c5 2. Nf3 d6 3. Bc4 e6 4. d4 cxd4 5. Nxd4 Nf6 6. Nc3 a6 7. a3 Be7 8. O-O
O-O 9. Be3 Nbd7 10. f4 Qc7 11. Bd3 Nc5 12. Qf3 e5 13. fxe5 dxe5 14. Nf5 Bxf5
15. Qxf5 Rad8 16. Rad1 b5 17. Bg5 Ne6 18. Bxf6 Bxf6 19. Nd5 Qa7+ 20. Kh1 Rd7
21. Nxf6+ gxf6 22. Rf3 Ng7 23. Qxf6 1-0

[Event "Tarbes Blavignac 2019"]
[Site "Parc des expositions Tarbes"]
[Date "2019.04.20"]
[Round "1.9"]
[White "Lechene, Yannick"]
[Black "Migoli, Jerome"]
[Result "1-0"]
[WhiteElo "1274"]
[BlackElo "1612"]
[PlyCount "101"]
[EventDate "2019.??.??"]
[WhiteTeam "Maison des Echecs Toulouse Lardenne"]
[BlackTeam "Echecs en Têt"]

1. c3 c5 2. e4 Nc6 3. Nf3 d6 4. d4 cxd4 5. cxd4 Nf6 6. Nc3 Bg4 7. Be2 e6 8. O-O
Be7 9. Be3 O-O 10. Qb3 b6 11. e5 dxe5 12. dxe5 Nd7 13. Rad1 Qc8 14. Bf4 Nc5 15.
Qc2 Bf5 16. Qc1 a6 17. Nd4 Nxd4 18. Rxd4 Rd8 19. Rfd1 Rxd4 20. Rxd4 Qc7 21. Qd2
h6 22. b4 Rc8 (22... Nb7 23. Rd7 $18) 23. bxc5 Bxc5 24. Rd7 Qb8 25. Bxa6 Rf8
26. Na4 Ba3 27. Qe3 Qa8 28. Bb5 Bb4 29. Qd4 Ba5 30. h3 g5 31. Bd2 Bxd2 32. Qxd2
Qe4 33. Nc3 Qxe5 34. a4 Rc8 35. Rd8+ Rxd8 36. Qxd8+ Kg7 37. Qd2 g4 38. hxg4
Bxg4 39. Qe3 Qf5 40. Qxb6 Qc2 41. Qd4+ Kf8 42. Qxg4 Qxc3 43. Qh4 Qc1+ 44. Kh2
Qd2 45. Qg3 Qd5 46. Qf3 Qe5+ 47. g3 Qc5 48. Kg2 h5 49. Bc6 Kg7 50. Be8 Qe7 51.
Qxf7+ 1-0

[Event "Tarbes Blavignac 2019"]
[Site "Parc des expositions Tarbes"]
[Date "2019.04.20"]
[Round "1.10"]
[White "Natale, Bruno"]
[Black "Ginouillac, Philippe"]
[Result "1-0"]
[WhiteElo "1607"]
[BlackElo "1260"]
[PlyCount "59"]
[EventDate "2019.??.??"]
[WhiteTeam "Echiquier Club Montalbanais"]
[BlackTeam "Echiquier Club Albigeois"]

1. c4 e6 2. Nf3 f5 3. g3 Nf6 4. Bg2 c6 5. O-O Bd6 6. Nc3 O-O 7. Rb1 Bc7 8. b4
b6 9. b5 cxb5 10. Nxb5 Bb7 11. Nxc7 Qxc7 12. d3 d6 13. Nd4 Bxg2 14. Kxg2 Re8
15. Nb5 Qc6+ 16. Kg1 e5 17. Ba3 Re6 18. Qb3 Ne8 19. d4 Qd7 20. Qf3 e4 21. Qxf5
Na6 22. Qd5 Rd8 23. Qf5 Qf7 24. Qxf7+ Kxf7 25. Nxa7 d5 26. c5 Nxc5 27. dxc5 Ra8
28. Nb5 bxc5 29. Bxc5 Rxa2 30. Nd4 1-0

[Event "Tarbes Blavignac 2019"]
[Site "Parc des expositions Tarbes"]
[Date "2019.04.20"]
[Round "1.11"]
[White "Rambaut, Herve"]
[Black "Auge, Jean"]
[Result "0-1"]
[WhiteElo "1260"]
[BlackElo "1594"]
[PlyCount "72"]
[EventDate "2019.??.??"]
[WhiteTeam "Echiquier Henri IV Pau"]
[BlackTeam "Echiquier Club Montalbanais"]

1. d4 d5 2. c4 e6 3. Nc3 Nf6 4. Bg5 Be7 5. Nf3 a6 6. e3 dxc4 7. Bxc4 b5 8. Bd3
Bb7 9. a3 Nbd7 10. O-O Rc8 11. h3 c5 12. d5 exd5 13. Bf5 g6 14. Bc2 Qc7 15. Bb3
c4 16. Bc2 h6 17. Bxf6 Nxf6 18. Nd4 Qe5 19. Nf3 Qc7 20. Qd4 Qc5 21. Rad1 Qxd4
22. Nxd4 O-O 23. Rfe1 Ne4 24. Nde2 Rfd8 25. Nf4 Nxc3 26. bxc3 Bxa3 27. e4 dxe4
28. Rxd8+ Rxd8 29. Bxe4 Bxe4 30. Rxe4 Rd1+ 31. Kh2 Bd6 32. g3 Bxf4 33. Rxf4 Rd3
34. Rf6 Rxc3 35. Rxa6 Rb3 36. Kg2 c3 0-1

[Event "Tarbes Blavignac 2019"]
[Site "Parc des expositions Tarbes"]
[Date "2019.04.20"]
[Round "1.12"]
[White "Guerin, Laurent"]
[Black "Bruguier, Florian"]
[Result "0-1"]
[WhiteElo "1594"]
[BlackElo "1246"]
[PlyCount "44"]
[EventDate "2019.??.??"]
[BlackTeam "Echiquier de Bigorre"]

1. e4 e5 2. Nf3 Nc6 3. Bc4 Bc5 4. c3 Nf6 5. d4 exd4 6. cxd4 Bb4+ 7. Bd2 Bxd2+
8. Nbxd2 d6 9. O-O O-O 10. Re1 Bg4 11. Qb3 Na5 12. Qc2 Nxc4 13. Qxc4 Re8 14.
Ng5 d5 15. exd5 Rxe1+ 16. Rxe1 Nxd5 17. Qa4 c6 18. Nge4 Qe7 19. Nf1 f5 20. f3
Bh5 21. Nfg3 Bg6 22. Qb3 Kh8 0-1

[Event "Tarbes Blavignac 2019"]
[Site "Parc des expositions Tarbes"]
[Date "2019.04.20"]
[Round "1.13"]
[White "Guenebeaud, Esteban"]
[Black "Agostini, Paul"]
[Result "1/2-1/2"]
[WhiteElo "1229"]
[BlackElo "1587"]
[PlyCount "101"]
[EventDate "2019.??.??"]
[WhiteTeam "Club d'Echecs Pau Berlioz"]
[BlackTeam "LEC Echiquier Limousin"]

1. e4 c5 2. Nf3 Nc6 3. Nc3 d6 4. Bc4 Nf6 5. O-O g6 6. Ng5 Ne5 7. Bb5+ Bd7 8.
Bxd7+ Qxd7 9. d3 Bg7 10. Re1 O-O 11. Nf3 Nc6 12. Bf4 Ng4 13. Qd2 Nge5 14. Nxe5
Nxe5 15. Ne2 Qg4 16. Bxe5 Bxe5 17. c3 f5 18. f3 Qh4 19. g3 Qh3 20. Nf4 Bxf4 21.
Qxf4 e5 22. Qd2 f4 23. Qg2 Qxg2+ 24. Kxg2 fxg3 25. hxg3 Rf6 26. Rh1 Raf8 27.
Raf1 Kg7 28. a3 a5 29. Rf2 g5 30. g4 b5 31. b3 Rh6 32. Rxh6 Kxh6 33. Rd2 Kg6
34. d4 cxd4 35. cxd4 Rb8 36. dxe5 dxe5 37. Rd6+ Kf7 38. Ra6 a4 39. bxa4 bxa4
40. Rxa4 Rb7 41. Ra5 Ke6 42. Rd5 Ra7 43. Rd3 Ra4 44. Kf2 Rc4 45. Ke2 Rc2+ 46.
Rd2 Rc3 47. a4 Ra3 48. Rb2 Rxa4 49. Rb6+ Kf7 50. Rb7+ Kg6 51. Rb6+ 1/2-1/2

[Event "Tarbes Blavignac 2019"]
[Site "Parc des expositions Tarbes"]
[Date "2019.04.20"]
[Round "1.14"]
[White "Fournier, Remi"]
[Black "Patat, Jean Emmanuel"]
[Result "1-0"]
[WhiteElo "1572"]
[BlackElo "1226"]
[PlyCount "65"]
[EventDate "2019.??.??"]
[WhiteTeam "Echiquier Tressois"]
[BlackTeam "Club d'Echecs des 4 Cantons"]

1. e4 c6 2. d4 d5 3. Nc3 dxe4 4. Nxe4 Bf5 5. Ng3 Bg6 6. Nf3 Nd7 7. Bc4 e6 8.
O-O Ngf6 9. Re1 Nd5 10. c3 Be7 11. Be3 O-O 12. Qd2 b5 13. Bb3 a5 14. c4 bxc4
15. Bxc4 Bb4 16. Qe2 Bxe1 17. Rxe1 Re8 18. h4 Nxe3 19. Qxe3 Nf6 20. Ne5 Bh5 21.
Nxc6 Qb6 22. Ne5 Rad8 23. Qg5 Bg6 24. h5 h6 25. Qe3 Bxh5 26. Nxh5 Nxh5 27. Qf3
Nf6 28. Nc6 Rc8 29. d5 Nxd5 30. Bxd5 exd5 31. Re7 Qxc6 32. Qxf7+ Kh8 33. Qxg7#
1-0

[Event "Tarbes Blavignac 2019"]
[Site "Parc des expositions Tarbes"]
[Date "2019.04.20"]
[Round "1.15"]
[White "Falik, Charles"]
[Black "Bildstein, Gerard"]
[Result "1/2-1/2"]
[WhiteElo "1225"]
[BlackElo "1564"]
[PlyCount "141"]
[EventDate "2019.??.??"]
[WhiteTeam "Toulouse Cheminots Marengo Sports section Ech"]
[BlackTeam "Echiquier de Bigorre"]

1. d4 Nf6 2. Nc3 d5 3. Nf3 Bf5 4. e3 e6 5. h3 c5 6. Nh4 Bg6 7. Nxg6 hxg6 8. g3
a6 9. a4 Nc6 10. Bg2 cxd4 11. exd4 Qb6 12. Ne2 Bd6 13. c3 Rc8 14. b4 Qc7 15.
O-O Ne7 16. Bf4 Bxf4 17. Nxf4 Qxc3 18. Qe2 Qxd4 19. b5 Qb6 20. bxa6 Qxa6 21.
Qb2 O-O 22. h4 Rc4 23. Rfe1 Qc6 24. h5 gxh5 25. Bf3 Rc8 26. Bxh5 Rc2 27. Qe5
Qc7 28. Qg5 Nxh5 29. Nxh5 Ng6 30. Nf4 Nxf4 31. gxf4 Qc5 32. Rf1 Qd4 33. Rad1
Qf6 34. Qg3 Qg6 35. Kg2 Qxg3+ 36. Kxg3 R8c3+ 37. f3 f5 38. Rb1 Rc7 39. Rb6 Kf7
40. Re1 R2c6 41. Reb1 Rxb6 42. Rxb6 Ke7 43. a5 Rd7 44. Kf2 Kd8 45. Rxe6 d4 46.
Rb6 Kc7 47. Rb1 d3 48. Ke1 Rd5 49. Rc1+ Kd6 50. Kd2 Rxa5 51. Kxd3 Rd5+ 52. Ke3
b5 53. Rg1 Kc5 54. Rxg7 Kc4 55. Rc7+ Kb3 56. Rb7 b4 57. Rb8 Kc3 58. Rc8+ Kb2
59. Rb8 b3 60. Rb7 Kc2 61. Rc7+ Kb1 62. Rb7 b2 63. Rb8 Ra5 64. Kd2 Ka2 65. Kc2
Rc5+ 66. Kd2 b1=Q 67. Ra8+ Kb2 68. Rb8+ Ka2 69. Ra8+ Kb2 70. Rb8+ Ka2 71. Ra8+
1/2-1/2

[Event "Tarbes Blavignac 2019"]
[Site "Parc des expositions Tarbes"]
[Date "2019.04.20"]
[Round "1.16"]
[White "Baumgartner, Georges"]
[Black "Vivien, Olivier"]
[Result "0-1"]
[WhiteElo "1543"]
[BlackElo "1225"]
[PlyCount "42"]
[EventDate "2019.??.??"]
[WhiteTeam "Echiquier de Bigorre"]
[BlackTeam "AGJA-Echiquier Aquitaine"]

1. d4 Nf6 2. Bf4 g6 3. Nc3 Bg7 4. e4 d6 5. Qd2 O-O 6. O-O-O Re8 7. Nf3 Nc6 8.
h4 Bg4 9. Be2 Nh5 10. Bh6 Bh8 11. Ng5 Bxe2 12. Nxe2 e5 13. d5 Nd4 14. Rdf1 Qf6
15. g3 Nf3 16. Nxf3 Qxf3 17. Nc3 a6 18. Qe2 Qxe2 19. Nxe2 Nf6 20. f4 Ng4 21.
Kd2 Nxh6 0-1

[Event "Tarbes Blavignac 2019"]
[Site "Parc des expositions Tarbes"]
[Date "2019.04.20"]
[Round "1.17"]
[White "Riballet, Jean-Paul"]
[Black "Phelipot, Lucas"]
[Result "0-1"]
[WhiteElo "1219"]
[BlackElo "1529"]
[PlyCount "76"]
[EventDate "2019.??.??"]
[WhiteTeam "Club d'Echecs Pau Berlioz"]
[BlackTeam "Club d'Echecs Pau Berlioz"]

1. e4 c5 2. Bc4 g6 3. Nf3 Bg7 4. Nc3 e6 5. O-O Ne7 6. Re1 O-O 7. e5 b6 8. d4
Bb7 9. Nb5 Nf5 10. Bg5 Bxf3 11. Qxf3 Qxg5 12. Qxa8 Nc6 13. Qb7 Nh4 14. g3 Nf3+
15. Kg2 Nxe1+ 16. Rxe1 cxd4 17. Qxd7 Nxe5 18. Qxd4 Nf3 19. Qd1 Nxe1+ 20. Qxe1
a6 21. Nd6 b5 22. Ne4 Qe5 23. f4 Qxb2 24. Bd3 Qxa2 25. h4 Rd8 26. Kh3 e5 27.
Qe3 Qe6+ 28. g4 h5 29. Nf2 Rd4 30. f5 hxg4+ 31. Kg3 gxf5 32. Qg5 f4+ 33. Kg2
Qd5+ 34. Kf1 g3 35. Be4 Rxe4 36. Nxe4 Qxe4 37. Qd8+ Kh7 38. Qg5 Qxc2 0-1

[Event "Tarbes Blavignac 2019"]
[Site "Parc des expositions Tarbes"]
[Date "2019.04.20"]
[Round "1.18"]
[White "Rossignol, Rene"]
[Black "Amyrian, David"]
[Result "0-1"]
[WhiteElo "1499"]
[BlackElo "1281"]
[PlyCount "90"]
[EventDate "2019.??.??"]
[WhiteTeam "Echiquier Henri IV Pau"]
[BlackTeam "Echiquier de Bigorre"]

1. e4 e6 2. d4 d5 3. e5 c5 4. c3 Qb6 5. a3 Bd7 6. Nf3 Bb5 7. Bd3 Bxd3 8. Qxd3
c4 9. Qe2 Nc6 10. Nbd2 Nge7 11. O-O Na5 12. Qd1 Nec6 13. Qc2 Be7 14. Rb1 Nb3
15. Nxb3 Qxb3 16. Qxb3 cxb3 17. Nd2 Na5 18. f4 O-O 19. Nf3 b5 20. g4 f5 21. g5
g6 22. h4 Kf7 23. Kf2 Nc4 24. Rh1 a5 25. Be3 b4 26. cxb4 axb4 27. axb4 Ra2 28.
Bc1 Bxb4 29. Kg3 Rfa8 30. Rh2 Ra1 31. Rxa1 Rxa1 32. Bd2 Bxd2 33. Nxd2 Nxd2 34.
Rxd2 Rb1 35. Kf3 Ke7 36. Ke3 Rh1 37. Rf2 Rxh4 38. Kd2 Rh3 39. Ke2 Kd7 40. Kd2
Kc6 41. Re2 Kb5 42. Re3 Rxe3 43. Kxe3 Kc4 44. Kd2 Kxd4 45. Ke2 Ke4 0-1

[Event "Tarbes Blavignac 2019"]
[Site "Parc des expositions Tarbes"]
[Date "2019.04.20"]
[Round "1.19"]
[White "Regnier, Alexandre"]
[Black "Aurejac, Pierre"]
[Result "0-1"]
[WhiteElo "1199"]
[BlackElo "1483"]
[PlyCount "56"]
[EventDate "2019.??.??"]
[WhiteTeam "Le Fou Blanc de Lannemezan"]
[BlackTeam "Echiquier Club Albigeois"]

1. d4 d5 2. e3 Nf6 3. c3 Bf5 4. Nd2 e6 5. Ne2 c5 6. a3 Nc6 7. g3 c4 8. b4 b5 9.
Bg2 Be7 10. Bb2 O-O 11. O-O Qb6 12. f3 a5 13. bxa5 Rxa5 14. g4 Bd3 15. Re1 h6
16. e4 Bxe2 17. Rxe2 Rfa8 18. Qc2 Bxa3 19. Bxa3 Rxa3 20. Rf1 b4 21. Ree1 Rxc3
22. Qd1 Qxd4+ 23. Rf2 Ra2 24. Ref1 Rcc2 25. Qe2 Rxd2 26. Qe1 Rxf2 27. Qxf2
Qxf2+ 28. Kh1 Qxg2# 0-1

[Event "Tarbes Blavignac 2019"]
[Site "Parc des expositions Tarbes"]
[Date "2019.04.20"]
[Round "1.20"]
[White "Merlet, Francois"]
[Black "Cafici, Thomas"]
[Result "0-1"]
[WhiteElo "1472"]
[BlackElo "1195"]
[PlyCount "68"]
[EventDate "2019.??.??"]
[WhiteTeam "Chess in Marciac"]
[BlackTeam "Echiquier Henri IV Pau"]

1. d4 Nf6 2. Nf3 d6 3. c3 g6 4. Bg5 Nbd7 5. Nbd2 Bg7 6. e4 h6 7. Be3 Ng4 8. Bd3
Nxe3 9. fxe3 e5 10. O-O O-O 11. Qe2 a6 12. a4 Qe7 13. b4 f5 14. exf5 gxf5 15.
Bc4+ Kh8 16. a5 e4 17. Ne1 c6 18. Rc1 d5 19. Ba2 Qg5 20. Rf4 Rg8 21. Qf2 Nf6
22. Qh4 Qxh4 23. Rxh4 Ng4 24. Nf1 Bf6 25. Rh5 Bg5 26. Nc2 Nf6 27. Rh3 f4 28.
Kh1 Bxh3 29. gxh3 Rae8 30. Re1 Bh4 31. Re2 f3 32. Rd2 Rg5 33. Ng3 Reg8 34. Rf2
Nh5 0-1

[Event "Tarbes Blavignac 2019"]
[Site "Parc des expositions Tarbes"]
[Date "2019.04.20"]
[Round "1.21"]
[White "Bruguier, Cyrille"]
[Black "Moulie, Patrick"]
[Result "1-0"]
[WhiteElo "1179"]
[BlackElo "1457"]
[PlyCount "109"]
[EventDate "2019.??.??"]
[WhiteTeam "Echiquier de Bigorre"]
[BlackTeam "Chess in Marciac"]

1. e4 e6 2. Nf3 c5 3. c4 Nc6 4. d3 Be7 5. Bd2 Qc7 6. Bc3 Nf6 7. Nbd2 d6 8. h3
Bd7 9. b3 e5 10. Be2 h6 11. Nf1 g5 12. N3h2 O-O-O 13. Ng4 Rdg8 14. Nxf6 Bxf6
15. Bg4 Be7 16. Ne3 Bxg4 17. Qxg4+ Qd7 18. Qxd7+ Kxd7 19. Nd5 Bd8 20. g4 h5 21.
f3 hxg4 22. fxg4 Rh4 23. O-O-O f6 24. Rdf1 Rg6 25. Ne3 Ne7 26. Nf5 Nxf5 27.
Rxf5 Rgh6 28. Rf3 a6 29. Be1 b5 30. Bxh4 Rxh4 31. Rh2 bxc4 32. bxc4 Rh7 33. Rb2
Ke6 34. Rb8 Ba5 35. Kd1 Bb4 36. Ke2 a5 37. a4 Rf7 38. Kf1 Bc3 39. Kg2 Bb4 40.
Rf1 Bd2 41. Rd1 Bb4 42. Rb1 Rc7 43. Rh1 Bd2 44. h4 gxh4 45. Rxh4 Bg5 46. Rhh8
Ra7 47. Rbe8+ Kf7 48. Rh7+ Kxe8 49. Rxa7 Bd2 50. Kh3 Kd8 51. Kh4 Kc8 52. Kh5
Kb8 53. Rf7 Bg5 54. Kg6 Kc8 55. Kf5 1-0

[Event "Tarbes Blavignac 2019"]
[Site "Parc des expositions Tarbes"]
[Date "2019.04.20"]
[Round "1.22"]
[White "Duarte, Bruno"]
[Black "Migoli, Romain"]
[Result "1/2-1/2"]
[WhiteElo "1444"]
[BlackElo "1158"]
[PlyCount "43"]
[EventDate "2019.??.??"]
[WhiteTeam "Echiquier Henri IV Pau"]
[BlackTeam "Echecs en Têt"]

1. f4 d5 2. Nf3 Nf6 3. g3 Bg4 4. e3 e6 5. h3 Bxf3 6. Qxf3 Nc6 7. a3 e5 8. Bb5
e4 9. Qf2 Be7 10. b3 O-O 11. Bb2 Qd6 12. a4 a6 13. Bxc6 Qxc6 14. Nc3 Bb4 15.
Rc1 b5 16. Na2 Qc5 17. c3 Ba3 18. d4 Qd6 19. a5 Bxb2 20. Qxb2 c5 21. O-O c4 22.
b4 1/2-1/2

[Event "Tarbes Blavignac 2019"]
[Site "Parc des expositions Tarbes"]
[Date "2019.04.20"]
[Round "1.23"]
[White "Pokee, Michele"]
[Black "Grondin, Luciano"]
[Result "1/2-1/2"]
[WhiteElo "1157"]
[BlackElo "1439"]
[PlyCount "43"]
[EventDate "2019.??.??"]
[WhiteTeam "Echiquier de l'Armagnac"]
[BlackTeam "Echiquier Club Albigeois"]

1. e4 Nf6 2. Nc3 d6 3. d4 g6 4. Be3 Nbd7 5. Be2 Bg7 6. Qd2 e5 7. d5 Nc5 8. Bxc5
dxc5 9. Nf3 Nd7 10. O-O O-O 11. h3 a6 12. Rad1 Nb6 13. d6 cxd6 14. Qxd6 Qxd6
15. Rxd6 Nd7 16. Rfd1 Re8 17. Nd5 Bf8 18. Rxd7 Bxd7 19. Nc7 Bc6 20. Nxa8 Rxa8
21. Nxe5 Bxe4 22. Bd3 1/2-1/2

[Event "Tarbes Blavignac 2019"]
[Site "Parc des expositions Tarbes"]
[Date "2019.04.20"]
[Round "1.25"]
[White "Clastre-Brouzeng, Francoise"]
[Black "Prunier, Louis"]
[Result "1-0"]
[WhiteElo "1100"]
[BlackElo "1417"]
[PlyCount "45"]
[EventDate "2019.??.??"]
[WhiteTeam "Club d'Echecs Pau Berlioz"]
[BlackTeam "Echiquier de Bigorre"]

1. d4 Nf6 2. c4 g6 3. Nc3 Bg7 4. Nf3 O-O 5. e3 d6 6. Be2 c5 7. d5 a6 8. b3 Nxd5
9. Nxd5 Bxa1 10. O-O Bg7 11. Ba3 b5 12. b4 Nd7 13. Qc2 cxb4 14. Bxb4 a5 15. Be1
b4 16. Qe4 Re8 17. Nxe7+ Rxe7 18. Qxa8 Nb6 19. Qxa5 Qc7 20. Bxb4 Nxc4 21. Bxc4
Qxc4 22. Qd8+ Bf8 23. Bxd6 1-0

[Event "Tarbes Blavignac 2019"]
[Site "Parc des expositions Tarbes"]
[Date "2019.04.20"]
[Round "1.26"]
[White "Soissong, Elisabeth"]
[Black "Cluzon, Baptiste"]
[Result "1-0"]
[WhiteElo "1401"]
[BlackElo "1099"]
[PlyCount "50"]
[EventDate "2019.??.??"]
[WhiteTeam "Echiquier Bordelais"]
[BlackTeam "Echiquier de Bigorre"]

1. d4 d5 2. Nf3 Nc6 3. e3 e6 4. Bd3 Nf6 5. Nbd2 Bd6 6. O-O Bd7 7. Re1 Qe7 8. e4
dxe4 9. Nxe4 Nxe4 10. Bxe4 O-O-O 11. c3 f5 12. Bxf5 Qf6 13. Bc2 Ne7 14. Bg5 Qf7
15. Qe2 h6 16. Bh4 g5 17. Bg3 Bxg3 18. hxg3 Qh5 19. Ne5 Qxe2 20. Rxe2 Bb5 21.
c4 Be8 22. Rd2 Nf5 23. Rad1 h5 24. d5 exd5 25. Bxf5+ Kb8 1-0